<?xml version="1.0" encoding="UTF-8"?>
<record
    xmlns:xsi="http://www.w3.org/2001/XMLSchema-instance"
    xsi:schemaLocation="http://www.loc.gov/MARC21/slim http://www.loc.gov/standards/marcxml/schema/MARC21slim.xsd"
    xmlns="http://www.loc.gov/MARC21/slim">

  <leader>00755nam a2200289 x 4500</leader>
  <controlfield tag="001">1953055</controlfield>
  <controlfield tag="003">OSt</controlfield>
  <controlfield tag="005">20200421093818.0</controlfield>
  <controlfield tag="008">930621s1992    enk           00110 eng b</controlfield>
  <datafield tag="010" ind1=" " ind2=" ">
    <subfield code="a">b  93012694 </subfield>
  </datafield>
  <datafield tag="010" ind1=" " ind2=" ">
    <subfield code="a">   92004991 </subfield>
  </datafield>
  <datafield tag="015" ind1=" " ind2=" ">
    <subfield code="a">b9312694</subfield>
  </datafield>
  <datafield tag="020" ind1=" " ind2=" ">
    <subfield code="a">0521430186</subfield>
  </datafield>
  <datafield tag="040" ind1=" " ind2=" ">
    <subfield code="c">xxx</subfield>
  </datafield>
  <datafield tag="082" ind1="0" ind2="0">
    <subfield code="a">184</subfield>
    <subfield code="2">20</subfield>
  </datafield>
  <datafield tag="245" ind1="3" ind2="4">
    <subfield code="a">The Cambridge companion to Plato /</subfield>
    <subfield code="c">edited by Richard Kraut.</subfield>
  </datafield>
  <datafield tag="260" ind1=" " ind2=" ">
    <subfield code="a">Cambridge :</subfield>
    <subfield code="b">Cambridge University Press,</subfield>
    <subfield code="c">1992.</subfield>
  </datafield>
  <datafield tag="300" ind1=" " ind2=" ">
    <subfield code="a">xiv, 560p</subfield>
    <subfield code="c">24 cm.</subfield>
  </datafield>
  <datafield tag="350" ind1="0" ind2="0">
    <subfield code="a">&#xA3;35.00</subfield>
  </datafield>
  <datafield tag="490" ind1="0" ind2="0">
    <subfield code="a">Cambridge companions</subfield>
  </datafield>
  <datafield tag="504" ind1="0" ind2="0">
    <subfield code="a">Bibliography: p493-529 and index</subfield>
  </datafield>
  <datafield tag="600" ind1="0" ind2="0">
    <subfield code="a">Plato.</subfield>
  </datafield>
  <datafield tag="700" ind1="1" ind2="0">
    <subfield code="a">Kraut, Richard,</subfield>
    <subfield code="d">1944-</subfield>
    <subfield code="9">53</subfield>
  </datafield>
  <datafield tag="942" ind1=" " ind2=" ">
    <subfield code="2">ddc</subfield>
    <subfield code="c">BK</subfield>
  </datafield>
  <datafield tag="956" ind1=" " ind2=" ">
    <subfield code="a">NLS</subfield>
  </datafield>
  <datafield tag="999" ind1=" " ind2=" ">
    <subfield code="c">72</subfield>
    <subfield code="d">72</subfield>
  </datafield>
  <datafield tag="952" ind1=" " ind2=" ">
    <subfield code="0">0</subfield>
    <subfield code="1">0</subfield>
    <subfield code="4">0</subfield>
    <subfield code="7">0</subfield>
    <subfield code="8">REF</subfield>
    <subfield code="a">MPL</subfield>
    <subfield code="b">MPL</subfield>
    <subfield code="c">GEN</subfield>
    <subfield code="d">2014-09-04</subfield>
    <subfield code="p">39999000002973</subfield>
    <subfield code="r">2014-09-04 00:00:00</subfield>
    <subfield code="w">2014-09-04</subfield>
    <subfield code="y">BK</subfield>
  </datafield>
  <datafield tag="952" ind1=" " ind2=" ">
    <subfield code="0">0</subfield>
    <subfield code="1">0</subfield>
    <subfield code="4">0</subfield>
    <subfield code="7">0</subfield>
    <subfield code="8">REF</subfield>
    <subfield code="a">CPL</subfield>
    <subfield code="b">CPL</subfield>
    <subfield code="c">GEN</subfield>
    <subfield code="d">2014-09-04</subfield>
    <subfield code="p">39999000002997</subfield>
    <subfield code="r">2014-09-04 00:00:00</subfield>
    <subfield code="w">2014-09-04</subfield>
    <subfield code="y">BK</subfield>
  </datafield>
</record>
